00362cam a2200133ua 450000100060000000800390000608200120004510000410005724500400009826000400013830000190017865300140019799900170021123829190615n II |||gr||||Z||||||asm a891.458 aSARMAH, DR. JUGENDRA NATH ,eAUTHOR. aASOMOR NAD- NADIhTextual Documents aJORHAT:bASOM SAHITYA SABHA,c2008. a272:c21+ePB. aPrabandha c27077d27077